[Event "Chessable Masters Prelim"]
[Site "chess24.com INT"]
[Date "2021.07.31"]
[Round "1.1"]
[White "Anton Guijarro, David"]
[Black "Mishra, Abhimanyu"]
[Result "1-0"]
[WhiteTitle "GM"]
[BlackTitle "IM"]
[WhiteElo "2673"]
[BlackElo "2504"]
[WhiteFideId "2285525"]
[BlackFideId "30920019"]
[EventDate "2021.07.31"]

1. e4 c5 2. Nc3 d6 3. f4 g6 4. Nf3 Bg7 5. Bb5+ Bd7 6. Bc4 Nc6 7. d3 e6 8. O-O
Nge7 9. f5 O-O 10. Qe1 gxf5 11. Bg5 f6 12. Bf4 Ne5 13. Nxe5 dxe5 14. Be3 f4 15.
Bxc5 Rf7 16. Kh1 b6 17. Ba3 Ng6 18. Nb5 Bf8 19. Bxf8 Qxf8 20. a4 a5 21. Qf2 Bxb5
22. axb5 Qd6 23. b4 Rfa7 24. bxa5 Rxa5 25. Rxa5 Rxa5 26. h4 h5 27. Qf3 Ra7 28.
Qxh5 Rg7 29. Ra1 Nf8 30. Ra8 Qd7 31. Rb8 Rh7 32. Qg6+ Qg7 33. Bxe6+ Kh8 34.
Qxg7+ Kxg7 35. Rb7+ Kh6 36. Rxh7+ Kxh7 37. Bf5+ Kg7 38. c4 Kf7 39. c5 Ke7 40.
cxb6 Kd6 41. h5 1-0

[Event "Chessable Masters Prelim"]
[Site "chess24.com INT"]
[Date "2021.07.31"]
[Round "1.3"]
[White "Koneru, Humpy"]
[Black "Artemiev, Vladislav"]
[Result "0-1"]
[WhiteTitle "GM"]
[BlackTitle "GM"]
[WhiteElo "2586"]
[BlackElo "2704"]
[WhiteFideId "5008123"]
[BlackFideId "24101605"]
[EventDate "2021.07.31"]

1. d4 d5 2. c4 e6 3. Nc3 Nf6 4. Nf3 Nbd7 5. Bg5 h6 6. Bh4 Be7 7. e3 O-O 8. Rc1
a6 9. a3 dxc4 10. Bxc4 b5 11. Ba2 Bb7 12. O-O c5 13. Qe2 b4 14. Nb1 Bxf3 15.
Qxf3 cxd4 16. exd4 Qb6 17. d5 exd5 18. Bxf6 Nxf6 19. Bxd5 Nxd5 20. Qxd5 bxa3 21.
bxa3 Rfd8 22. Qc6 Rab8 23. Qxb6 Rxb6 24. g3 Rb2 25. a4 Bf6 26. Nc3 Rb4 27. Rfe1
a5 28. Ne4 Bd4 29. Red1 Rxa4 30. Nc5 Ra2 31. Nd3 a4 32. Nb4 Rb2 33. Nd3 Rbb8 34.
Rc4 a3 35. Ra4 Ra8 36. Rxa8 Rxa8 37. Nb4 Bc5 38. Na2 Rb8 39. Rd2 Rb2 40. Rxb2
axb2 41. Nc3 f5 42. Kf1 Kf7 43. Ke2 Ke6 44. f3 Bg1 45. h3 Bd4 46. Nb1 Be5 47. g4
Kf6 48. h4 Bg3 49. Kd3 fxg4 50. fxg4 Bxh4 51. Kc2 Kg5 52. Kxb2 Kxg4 53. Kc3 Bg5
54. Kd3 Kf3 55. Nc3 h5 56. Ne4 Bf4 0-1

[Event "Chessable Masters Prelim"]
[Site "chess24.com INT"]
[Date "2021.07.31"]
[Round "1.4"]
[White "Le, Quang Liem"]
[Black "Ju, Wenjun"]
[Result "1-0"]
[WhiteTitle "GM"]
[BlackTitle "GM"]
[WhiteElo "2709"]
[BlackElo "2560"]
[WhiteFideId "12401137"]
[BlackFideId "8603006"]
[EventDate "2021.07.31"]

1. d4 Nf6 2. Nf3 d5 3. c3 c6 4. Qc2 g6 5. Bf4 Bg7 6. h3 O-O 7. e3 c5 8. Nbd2 Qb6
9. Be2 Nc6 10. O-O Bf5 11. Qb3 c4 12. Qa3 Rfe8 13. b3 cxb3 14. axb3 Ne4 15. Nxe4
Bxe4 16. Rfd1 a6 17. Bg3 Rac8 18. Nd2 Bf5 19. c4 dxc4 20. bxc4 Qb4 21. Qa2 Qc3
22. Rdc1 Qb4 23. Bg4 Bxg4 24. hxg4 e5 25. d5 Nb8 26. Rab1 Qe7 27. Ne4 Kh8 28. c5
Red8 29. Nd6 Rxc5 30. Nxf7+ Qxf7 31. Rxc5 Bf6 32. Qa5 b5 33. Bxe5 1-0

[Event "Chessable Masters Prelim"]
[Site "chess24.com INT"]
[Date "2021.07.31"]
[Round "1.5"]
[White "Mamedyarov, Shakhriyar"]
[Black "Iturrizaga Bonelli, Eduardo"]
[Result "1/2-1/2"]
[WhiteTitle "GM"]
[BlackTitle "GM"]
[WhiteElo "2782"]
[BlackElo "2607"]
[WhiteFideId "13401319"]
[BlackFideId "3901211"]
[EventDate "2021.07.31"]

1. d4 Nf6 2. c4 g6 3. Nc3 Bg7 4. Nf3 O-O 5. Bg5 h6 6. Bd2 d6 7. Qc1 Kh7 8. h4 c5
9. d5 e5 10. e4 Nh5 11. Bd3 Bg4 12. Ng1 f5 13. f3 Ng3 14. Rh2 Bh5 15. Qc2 f4 16.
Nge2 Bf6 17. Nxg3 Bxh4 18. Ne2 fxg3 19. Rh3 g5 20. O-O-O g4 21. Rxh4 Qxh4 22. f4
Nd7 23. f5 Nf6 24. Rg1 Bf7 25. Qd1 Nh5 26. Rh1 Qf6 27. Nxg3 Nxg3 28. Rxh6+ Qxh6
29. Bxh6 Kxh6 30. Qxg4 Rg8 31. Qh4+ Nh5 32. g4 Rg5 33. gxh5 a5 34. a4 Be8 35.
Bc2 b6 36. Bd1 Bd7 37. Kb1 Rag8 38. Ka2 Rf8 39. Ka3 Rfg8 40. Be2 Rg3+ 41. Ka2
Bxa4 42. Qf6+ Kh7 43. b3 Bxb3+ 44. Kb2 a4 45. h6 Rg2 46. Qe7+ Kh8 47. Qf6+ Kh7
48. Qe7+ Kh8 49. Qf6+ Kh7 1/2-1/2

[Event "Chessable Masters Prelim"]
[Site "chess24.com INT"]
[Date "2021.07.31"]
[Round "1.6"]
[White "Adhiban, Baskaran"]
[Black "Tari, Aryan"]
[Result "1-0"]
[WhiteTitle "GM"]
[BlackTitle "GM"]
[WhiteElo "2660"]
[BlackElo "2639"]
[WhiteFideId "5018471"]
[BlackFideId "1510045"]
[EventDate "2021.07.31"]

1. e4 e5 2. Nf3 Nc6 3. Bc4 Nf6 4. d3 Bc5 5. Bg5 h6 6. Bh4 Be7 7. Bg3 d6 8. a4
O-O 9. h3 Be6 10. Nbd2 Nh7 11. c3 Kh8 12. Bxe6 fxe6 13. O-O a5 14. Re1 Ng5 15.
Qb3 Qd7 16. Rad1 Bf6 17. Nh2 h5 18. Nhf3 Nxf3+ 19. Nxf3 g5 20. d4 exd4 21. cxd4
g4 22. hxg4 hxg4 23. Ne5 Nxd4 24. Nxd7 Nxb3 25. e5 dxe5 26. Nxf6 Rxf6 27. Bxe5
Rf8 28. Rd7 Nc5 29. Rxc7 b6 30. Rc6 Nd3 31. Bxf6+ Rxf6 32. Rexe6 Rxf2 33. Red6
Rd2 34. Rc7 Rd1+ 35. Kh2 Nxb2 36. Rxb6 1-0

[Event "Chessable Masters Prelim"]
[Site "chess24.com INT"]
[Date "2021.07.31"]
[Round "1.7"]
[White "Van Foreest, Jorden"]
[Black "Aronian, Levon"]
[Result "1-0"]
[WhiteTitle "GM"]
[BlackTitle "GM"]
[WhiteElo "2688"]
[BlackElo "2782"]
[WhiteFideId "1039784"]
[BlackFideId "13300474"]
[EventDate "2021.07.31"]

1. e4 e5 2. Nf3 Nc6 3. Bc4 Bc5 4. c3 Nf6 5. d4 exd4 6. cxd4 Bb4+ 7. Nc3 Nxe4 8.
O-O Bxc3 9. d5 Bf6 10. Re1 Ne7 11. Rxe4 d6 12. Rf4 O-O 13. Rxf6 gxf6 14. Qd4 Ng6
15. Bh6 Re8 16. Bb5 Re5 17. Nxe5 fxe5 18. Qe3 Bd7 19. Bg5 Qe8 20. Bd3 f5 21. Rc1
c5 22. dxc6 bxc6 23. h4 Qe6 24. h5 Ne7 25. Bc4 Nd5 26. Bxd5 Qxd5 27. Qe2 f4 28.
Rd1 Qe6 29. Qd3 d5 30. Re1 Rf8 31. Qa3 Rf5 32. Qe7 Qxe7 33. Bxe7 Kf7 34. Bc5 a6
35. h6 Ke6 36. f3 Rh5 37. Bf8 Be8 38. Kf2 Bg6 39. Rc1 Kd7 40. Rd1 e4 41. fxe4
Bxe4 42. Rd2 Rh1 43. Bg7 Ke6 44. Re2 c5 45. Bf8 c4 46. Bg7 Kf5 47. b3 Rh2 48.
Kg1 f3 49. g4+ Kf4 50. Rxh2 Ke3 51. bxc4 dxc4 52. Rb2 1-0

[Event "Chessable Masters Prelim"]
[Site "chess24.com INT"]
[Date "2021.07.31"]
[Round "1.8"]
[White "Firouzja, Alireza"]
[Black "So, Wesley"]
[Result "1/2-1/2"]
[WhiteTitle "GM"]
[BlackTitle "GM"]
[WhiteElo "2759"]
[BlackElo "2772"]
[WhiteFideId "12573981"]
[BlackFideId "5202213"]
[EventDate "2021.07.31"]

1. e4 e5 2. Nf3 Nc6 3. Bb5 Nf6 4. O-O Nxe4 5. Re1 Nd6 6. Nxe5 Be7 7. Bf1 Nf5 8.
Nf3 d5 9. d4 O-O 10. c3 Bd6 11. Bd3 Re8 12. g3 Rxe1+ 13. Nxe1 Nce7 14. Nd2 c6
15. Ndf3 f6 16. Ng2 g6 17. Qe2 Ng7 18. Bf4 Bf5 19. Re1 Bxd3 20. Qxd3 Nef5 21. g4
Ne7 22. Qe3 Kf7 23. h4 Qd7 24. Bxd6 Qxd6 25. Qh6 Kg8 26. h5 Re8 27. Nfh4 g5 28.
Nf3 Nc8 29. Rxe8+ Nxe8 30. Nxg5 Qd7 31. Nf3 Qxg4 32. Qe3 Ncd6 33. h6 Kf7 34. Nh4
Qg5 35. Qf4 a5 36. a4 Nc4 37. Qb8 Ncd6 38. Qd8 Qxh6 39. Qd7+ Kf8 40. Kf1 Qg7 41.
Qh3 Nc4 42. Nf4 Qf7 43. Ne6+ Kg8 44. Nf5 Kh8 45. Nh6 Qg6 46. Nf4 Qe4 47. Nf7+
Kg7 48. Nd8 Nd2+ 49. Kg1 Qe1+ 50. Kh2 Qxf2+ 51. Qg2+ Qxg2+ 52. Kxg2 Nd6 53.
Nfe6+ Kg6 54. Nc5 N2c4 55. b3 Nd2 56. b4 b6 57. Nd7 b5 58. bxa5 bxa4 59. a6 Nc8
60. Nxc6 a3 61. Nb4 Ne4 62. Na2 h5 63. Nb8 Na7 64. Nd7 Nc8 65. Nb8 Kf5 66. Nc6
Ke6 67. a7 Nb6 68. Ncb4 Nd6 69. Kh3 Nb5 70. Nc2 Kf5 71. c4 Nxa7 72. cxd5 Nb5 73.
d6 Kg5 74. Nab4 f5 75. Kh2 f4 76. Nd5 Nd7 77. Nc7 Nxd6 78. Nxa3 Kg4 79. Nd5 Nf5
80. Nc2 Kf3 81. Nc3 Nf6 82. d5 Kg4 83. Ne1 h4 84. Nd3 f3 85. Kg1 Kg3 86. Nf2 Nd4
87. Nfe4+ Kf4 88. Nxf6 Ne2+ 89. Kf2 Ke5 90. Ng4+ Kd6 91. Nxe2 fxe2 92. Kxe2 Kxd5
93. Kf3 h3 94. Kg3 h2 95. Kxh2 1/2-1/2

[Event "Chessable Masters Prelim"]
[Site "chess24.com INT"]
[Date "2021.07.31"]
[Round "2.1"]
[White "Mishra, Abhimanyu"]
[Black "So, Wesley"]
[Result "0-1"]
[WhiteTitle "IM"]
[BlackTitle "GM"]
[WhiteElo "2504"]
[BlackElo "2772"]
[WhiteFideId "30920019"]
[BlackFideId "5202213"]
[EventDate "2021.07.31"]

1. d4 d5 2. c4 c6 3. Nf3 Nf6 4. Qb3 dxc4 5. Qxc4 Bf5 6. g3 e6 7. Bg2 Nbd7 8. O-O
Be7 9. Qb3 Qb6 10. Nbd2 O-O 11. Nc4 Qa6 12. Bf4 Be4 13. Bd6 Rfe8 14. Bxe7 Rxe7
15. Rfc1 Rd8 16. a4 Nb6 17. e3 Nxc4 18. Qxc4 Qxc4 19. Rxc4 Bd5 20. Rcc1 Bxf3 21.
Bxf3 a5 22. Rab1 Nd5 23. Rc5 Ra8 24. Bxd5 exd5 25. b4 axb4 26. Rxb4 Kf8 27. a5
Ke8 28. Rb6 Rc7 29. Kf1 Kd8 30. Ke2 f5 31. h4 Kc8 32. Kd3 Kb8 33. Kc3 Rc8 34.
Kb4 Kc7 35. Rc2 g6 36. Ra2 Rcb8 37. Kc5 Ra6 38. Ra4 Rba8 39. Rxa6 Rxa6 40. Kb4
Ra8 41. Ra3 Kd6 42. Rb3 h6 43. Kc3 Kc7 44. Ra3 g5 45. hxg5 hxg5 46. Ra1 Rh8 47.
Kd3 Kb8 48. Rb1 Ka7 49. Ke2 Rh7 50. g4 fxg4 51. Rg1 Rh4 52. Rb1 Rh5 53. Rg1 Ka6
54. Rxg4 Kxa5 55. f4 gxf4 56. exf4 Rf5 57. Ke3 Rf6 58. Rg7 b5 59. Rg1 b4 60.
Ra1+ Kb5 61. Rc1 b3 62. Kd3 Kb4 63. Rf1 Rf5 64. Rf2 Ka3 65. Kc3 Rh5 66. f5 b2
67. Rf1 Rxf5 68. Rb1 Rf3+ 69. Kc2 Rf2+ 70. Kc3 Ka2 71. Re1 b1=R 0-1

[Event "Chessable Masters Prelim"]
[Site "chess24.com INT"]
[Date "2021.07.31"]
[Round "2.2"]
[White "Aronian, Levon"]
[Black "Firouzja, Alireza"]
[Result "1/2-1/2"]
[WhiteTitle "GM"]
[BlackTitle "GM"]
[WhiteElo "2782"]
[BlackElo "2759"]
[WhiteFideId "13300474"]
[BlackFideId "12573981"]
[EventDate "2021.07.31"]

1. d4 Nf6 2. c4 e6 3. Nf3 d5 4. Nc3 Nbd7 5. Qc2 dxc4 6. e4 c5 7. Bxc4 cxd4 8.
Nxd4 Ne5 9. Bb5+ Bd7 10. Bf4 Ng6 11. Bg3 Bb4 12. O-O O-O 13. Rfd1 Bxb5 14. Ndxb5
Qa5 15. a3 Bxc3 16. Nxc3 Rfd8 17. f3 h5 18. h4 Qc5+ 19. Qf2 Qa5 20. Rxd8+ Qxd8
21. Rd1 Qa5 22. Qe3 e5 23. Bf2 a6 24. Rd6 Qc7 25. Qb6 Qe7 26. g3 Rc8 27. Be3 Nf8
28. Qb4 Ne6 29. Rb6 Qd7 30. Qd6 Rd8 31. Qxd7 Rxd7 32. Kf2 Kf8 33. a4 Ke8 34. a5
Nd8 35. Bg5 Nh7 36. Bxd8 Kxd8 37. Nd5 Nf8 38. b4 Ne6 39. b5 Nc5 40. Ke3 Na4 41.
bxa6 Nxb6 42. Nxb6 bxa6 1/2-1/2

[Event "Chessable Masters Prelim"]
[Site "chess24.com INT"]
[Date "2021.07.31"]
[Round "2.3"]
[White "Tari, Aryan"]
[Black "Van Foreest, Jorden"]
[Result "1-0"]
[WhiteTitle "GM"]
[BlackTitle "GM"]
[WhiteElo "2639"]
[BlackElo "2688"]
[WhiteFideId "1510045"]
[BlackFideId "1039784"]
[EventDate "2021.07.31"]

1. d4 Nf6 2. Nf3 g6 3. c4 Bg7 4. Nc3 d5 5. h3 O-O 6. cxd5 Nxd5 7. e4 Nxc3 8.
bxc3 c5 9. Be2 cxd4 10. cxd4 Nc6 11. Be3 Qa5+ 12. Bd2 Qa3 13. d5 Ne5 14. O-O Bd7
15. Rb1 Qxa2 16. Rxb7 Ba4 17. Qc1 Rfc8 18. Rxa7 Rxc1 19. Rxa8+ Bf8 20. Bxc1 Nd7
21. Bd1 Nb6 22. Ra6 Qc4 23. Rxb6 Qxc1 24. Bxa4 Qc4 25. Bc6 e6 26. Ne5 Qd4 27.
Nd7 Bd6 28. dxe6 fxe6 29. Rb7 Qc3 30. Ba4 Kg7 31. e5 Bc7 32. Nf6 Kh6 33. Ng4+
Kg5 34. f4+ Kh4 35. Rf3 Qc4 36. Kh2 g5 37. g3+ Kh5 38. Be8# 1-0

[Event "Chessable Masters Prelim"]
[Site "chess24.com INT"]
[Date "2021.07.31"]
[Round "2.4"]
[White "Iturrizaga Bonelli, Eduardo"]
[Black "Adhiban, Baskaran"]
[Result "0-1"]
[WhiteTitle "GM"]
[BlackTitle "GM"]
[WhiteElo "2607"]
[BlackElo "2660"]
[WhiteFideId "3901211"]
[BlackFideId "5018471"]
[EventDate "2021.07.31"]

1. c4 c5 2. Nf3 Nf6 3. Nc3 g6 4. d4 cxd4 5. Nxd4 Nc6 6. g3 d6 7. Bg2 Bd7 8. O-O
Bg7 9. e3 h5 10. h4 Ng4 11. f3 Nf6 12. Nde2 a6 13. a4 Qa5 14. Bd2 Qc5 15. b3 g5
16. Kh1 gxh4 17. gxh4 Bh6 18. e4 Bxd2 19. Qxd2 Rg8 20. Nd5 Nxd5 21. cxd5 Ne5 22.
Rac1 Qb6 23. Rc3 Rc8 24. Nf4 Rc5 25. Rfc1 Qb4 26. Qe3 b6 27. Nxh5 Rh8 28. Ng3
Rxh4+ 29. Kg1 Rh8 30. Ne2 f5 31. f4 Ng4 32. Qd4 Qxd4+ 33. Nxd4 fxe4 34. Bxe4 Nf6
35. Bf3 Rh4 36. Ne2 Bg4 37. Bxg4 Rxg4+ 38. Kf1 Nxd5 39. Rxc5 bxc5 40. a5 Nxf4
41. Rc4 Nd5 0-1

[Event "Chessable Masters Prelim"]
[Site "chess24.com INT"]
[Date "2021.07.31"]
[Round "2.5"]
[White "Ju, Wenjun"]
[Black "Mamedyarov, Shakhriyar"]
[Result "1/2-1/2"]
[WhiteTitle "GM"]
[BlackTitle "GM"]
[WhiteElo "2560"]
[BlackElo "2782"]
[WhiteFideId "8603006"]
[BlackFideId "13401319"]
[EventDate "2021.07.31"]

1. d4 d5 2. c4 dxc4 3. e4 e5 4. Nf3 exd4 5. Bxc4 Nc6 6. O-O Bc5 7. Ng5 Nh6 8.
Nxf7 Nxf7 9. Bxf7+ Kxf7 10. Qh5+ g6 11. Qxc5 Re8 12. Nd2 Kg8 13. Re1 Be6 14. Nf3
Qd7 15. Bh6 b6 16. Qc2 Nb4 17. Qd2 c5 18. Ne5 Qc7 19. Bf4 Qb7 20. a3 Nc6 21.
Nxc6 Qxc6 22. Bh6 Rad8 23. Bg5 Rd7 24. Bf6 Bh3 25. Qg5 Rf7 26. e5 Bf5 27. h4 h5
28. f3 Kh7 29. Rad1 Re6 30. Kf2 Qd5 31. Qf4 Qc6 32. Qg5 Qd5 33. Qf4 Qc6 34. Qg5 1/2-1/2

[Event "Chessable Masters Prelim"]
[Site "chess24.com INT"]
[Date "2021.07.31"]
[Round "2.6"]
[White "Artemiev, Vladislav"]
[Black "Le, Quang Liem"]
[Result "1/2-1/2"]
[WhiteTitle "GM"]
[BlackTitle "GM"]
[WhiteElo "2704"]
[BlackElo "2709"]
[WhiteFideId "24101605"]
[BlackFideId "12401137"]
[EventDate "2021.07.31"]

1. d4 Nf6 2. c4 e6 3. Nc3 Bb4 4. e3 O-O 5. Bd2 b6 6. Nf3 Bb7 7. Bd3 d5 8. cxd5
exd5 9. O-O Be7 10. Ne5 c5 11. Qf3 Nc6 12. Rad1 cxd4 13. Nxc6 Bxc6 14. exd4 Re8
15. Rfe1 h6 16. h3 Bd6 17. Bf4 Rxe1+ 18. Rxe1 Bxf4 19. Qxf4 Rc8 20. Re5 Qc7 21.
Qe3 Kf8 22. Bf5 Re8 23. Ne2 Bd7 24. Ng3 a5 25. Bxd7 Rxe5 26. Qxe5 Qxe5 27. dxe5
Nxd7 28. f4 g5 29. Ne2 gxf4 30. Nxf4 Nxe5 31. Nxd5 b5 32. Kf1 Nd3 33. Nc3 b4 34.
Na4 Ke7 35. Ke2 Nc1+ 36. Kd2 Nxa2 37. Nc5 Kf6 38. Kc2 Kf5 39. Kb1 b3 40. Nxb3
Nb4 41. Nxa5 Kf4 42. Nc4 h5 43. Kc1 Kg3 44. Ne3 f5 45. Nxf5+ Kxg2 46. h4 Nd3+
47. Kc2 Nxb2 48. Kxb2 Kh3 49. Kc3 Kg4 50. Ng7 Kxh4 51. Nxh5 1/2-1/2

[Event "Chessable Masters Prelim"]
[Site "chess24.com INT"]
[Date "2021.07.31"]
[Round "2.7"]
[White "Harikrishna, Pentala"]
[Black "Koneru, Humpy"]
[Result "1-0"]
[WhiteTitle "GM"]
[BlackTitle "GM"]
[WhiteElo "2730"]
[BlackElo "2586"]
[WhiteFideId "5007003"]
[BlackFideId "5008123"]
[EventDate "2021.07.31"]

1. e4 e5 2. Nf3 Nf6 3. Nxe5 d6 4. Nf3 Nxe4 5. d4 d5 6. Bd3 Bf5 7. O-O Be7 8. Re1
O-O 9. Nbd2 Nd6 10. Nf1 c6 11. Bf4 Bxd3 12. Qxd3 Na6 13. h4 Nc7 14. Ng5 Bxg5 15.
Bxg5 f6 16. Bf4 Qd7 17. Ng3 Rfe8 18. Bxd6 Qxd6 19. Nf5 Qd7 20. Qh3 Kh8 21. h5
Ne6 22. h6 g6 23. Ng7 f5 24. Nxe8 Rxe8 25. Re5 Nxd4 26. Qe3 1-0

[Event "Chessable Masters Prelim"]
[Site "chess24.com INT"]
[Date "2021.07.31"]
[Round "3.2"]
[White "Koneru, Humpy"]
[Black "Anton Guijarro, David"]
[Result "0-1"]
[WhiteTitle "GM"]
[BlackTitle "GM"]
[WhiteElo "2586"]
[BlackElo "2673"]
[WhiteFideId "5008123"]
[BlackFideId "2285525"]
[EventDate "2021.07.31"]

1. d4 d5 2. c4 e6 3. Nf3 c6 4. e3 Bd6 5. Bd3 Nf6 6. Nbd2 O-O 7. O-O c5 8. cxd5
exd5 9. dxc5 Bxc5 10. b3 Nc6 11. Bb2 Bb6 12. Qb1 h6 13. Rd1 Qe7 14. Bf5 Re8 15.
Nf1 Be6 16. Nd4 Nxd4 17. Bxd4 Bxd4 18. Rxd4 Rac8 19. Ng3 Qc7 20. h3 Qe5 21. Qd3
Rc5 22. Rd1 a5 23. Rf4 Rec8 24. Qd4 Qxd4 25. Rfxd4 Rc1 26. Kf1 g6 27. Bb1 b5 28.
Ne2 R1c7 29. Ke1 b4 30. f3 Kg7 31. h4 g5 32. hxg5 hxg5 33. a3 bxa3 34. Ra4 Rc5
35. Rxa3 Rh8 36. Kf2 g4 37. Nf4 gxf3 38. gxf3 Rh2+ 39. Kg3 Rb2 40. Bd3 d4 41.
Nxe6+ fxe6 42. exd4 Nh5+ 43. Kh4 Rh2+ 44. Kg4 Rg2+ 45. Kh4 Rcg5 46. Ra2 R2g3 47.
Be4 Nf4 48. Rh1 Kf6 49. Rhh2 Ng2+ 50. Raxg2 Rxg2 51. Rxg2 Rxg2 52. d5 e5 53. Bd3
Rd2 54. Bc4 a4 0-1

[Event "Chessable Masters Prelim"]
[Site "chess24.com INT"]
[Date "2021.07.31"]
[Round "3.3"]
[White "Le, Quang Liem"]
[Black "Harikrishna, Pentala"]
[Result "1/2-1/2"]
[WhiteTitle "GM"]
[BlackTitle "GM"]
[WhiteElo "2709"]
[BlackElo "2730"]
[WhiteFideId "12401137"]
[BlackFideId "5007003"]
[EventDate "2021.07.31"]

1. d4 d5 2. c4 dxc4 3. Nf3 Nf6 4. e3 e6 5. Bxc4 a6 6. O-O c5 7. b3 cxd4 8. Nxd4
Bd7 9. Bb2 Be7 10. Nd2 Nc6 11. Be2 Nxd4 12. Bxd4 Bc6 13. Nc4 O-O 14. Rc1 Rc8 15.
Bf3 Nd7 16. h3 h6 17. a4 b5 18. Nd2 Bxf3 19. Nxf3 Bf6 20. axb5 axb5 21. Qe2 Qa5
22. Bxf6 Nxf6 23. Nd4 Rxc1 24. Rxc1 b4 25. Nc6 Qa3 26. Qc4 Nd5 27. Rf1 Ra8 28.
e4 Nf4 29. Kh2 Qa6 30. Nxb4 Qxc4 31. bxc4 Rc8 32. Rc1 Ne2 33. Rc2 Nd4 34. Rc1
Ne2 35. Rc2 Nd4 36. Rc1 Ne2 1/2-1/2

[Event "Chessable Masters Prelim"]
[Site "chess24.com INT"]
[Date "2021.07.31"]
[Round "3.4"]
[White "Mamedyarov, Shakhriyar"]
[Black "Artemiev, Vladislav"]
[Result "1/2-1/2"]
[WhiteTitle "GM"]
[BlackTitle "GM"]
[WhiteElo "2782"]
[BlackElo "2704"]
[WhiteFideId "13401319"]
[BlackFideId "24101605"]
[EventDate "2021.07.31"]

1. d4 d5 2. c4 e6 3. Nc3 a6 4. cxd5 exd5 5. Nf3 c6 6. Qc2 Bd6 7. Bg5 Ne7 8. e3
f6 9. Bh4 Bf5 10. Bd3 Bxd3 11. Qxd3 Nd7 12. Bg3 Nb6 13. O-O-O O-O 14. e4 Bb4 15.
Nd2 Bxc3 16. bxc3 dxe4 17. Qxe4 Ned5 18. Qc2 Kh8 19. Rhe1 Na4 20. Qxa4 Nxc3 21.
Qc4 Nxd1 22. Kxd1 Re8 23. Ne4 b5 24. Qc5 Qa5 25. Nc3 Rxe1+ 26. Kxe1 Re8+ 27. Kf1
Qd8 28. Qxc6 Qe7 29. f3 Qe3 30. Ne4 Qd3+ 31. Ke1 Qe3+ 32. Kf1 Qd3+ 33. Ke1 Qe3+
34. Kf1 1/2-1/2

[Event "Chessable Masters Prelim"]
[Site "chess24.com INT"]
[Date "2021.07.31"]
[Round "3.5"]
[White "Adhiban, Baskaran"]
[Black "Ju, Wenjun"]
[Result "1/2-1/2"]
[WhiteTitle "GM"]
[BlackTitle "GM"]
[WhiteElo "2660"]
[BlackElo "2560"]
[WhiteFideId "5018471"]
[BlackFideId "8603006"]
[EventDate "2021.07.31"]

1. e4 e5 2. Nf3 Nc6 3. Bc4 Bc5 4. d3 Nf6 5. Bg5 h6 6. Bh4 d6 7. c3 Qe7 8. Nbd2
a6 9. O-O g5 10. Bg3 Ba7 11. Kh1 O-O 12. b4 Kg7 13. a4 Nh7 14. b5 Na5 15. Ba2 f5
16. exf5 Bxf5 17. d4 e4 18. Ne1 e3 19. fxe3 Qxe3 20. Nef3 Qe7 21. Re1 Qd7 22.
Nb3 Nxb3 23. Qxb3 axb5 24. Qxb5 Qxb5 25. axb5 Bb6 26. Bd5 Rxa1 27. Rxa1 Rb8 28.
Re1 Nf6 29. Re7+ Kh8 30. Bf7 Ng8 31. Bxg8 Kxg8 32. h4 Kf8 33. Re1 1/2-1/2

[Event "Chessable Masters Prelim"]
[Site "chess24.com INT"]
[Date "2021.07.31"]
[Round "3.6"]
[White "Van Foreest, Jorden"]
[Black "Iturrizaga Bonelli, Eduardo"]
[Result "1/2-1/2"]
[WhiteTitle "GM"]
[BlackTitle "GM"]
[WhiteElo "2688"]
[BlackElo "2607"]
[WhiteFideId "1039784"]
[BlackFideId "3901211"]
[EventDate "2021.07.31"]

1. e4 c6 2. d4 d5 3. Nd2 dxe4 4. Nxe4 Nf6 5. Nxf6+ exf6 6. Be3 Bd6 7. Bd3 O-O 8.
Ne2 Re8 9. O-O h5 10. c4 h4 11. Nc3 g6 12. Re1 Nd7 13. Qd2 Nf8 14. Bf4 Rxe1+ 15.
Rxe1 Bxf4 16. Qxf4 Ne6 17. Qxh4 Nxd4 18. Nd5 cxd5 19. Qxd4 Be6 20. c5 Kg7 21. b4
Qc7 22. h3 Rh8 23. Re3 Rh5 24. a4 g5 25. b5 Rh4 26. g4 Rh8 27. b6 axb6 28. cxb6
Qd6 29. a5 Rc8 30. Kg2 Ra8 31. a6 bxa6 32. h4 Qf4 33. Qxf4 gxf4 34. Re1 Rb8 35.
Rb1 a5 36. Bc2 Bxg4 37. b7 Bd7 38. Kf3 a4 39. Kxf4 a3 40. Bd3 a2 41. Rg1+ Kh6
42. Ba6 Ba4 43. Ke3 Bc6 44. Ra1 Bxb7 45. Bxb7 Rxb7 46. Rxa2 Rb4 47. Ra5 Re4+ 48.
Kd3 Re5 49. Ra7 Kg6 50. Rd7 Rh5 51. Ke3 Kg7 52. Rd6 Kf8 53. Rxf6 Rxh4 54. Rd6
Re4+ 55. Kd3 Re5 56. Kd4 Rf5 57. Rxd5 Rxf2 58. Ke3 1/2-1/2

[Event "Chessable Masters Prelim"]
[Site "chess24.com INT"]
[Date "2021.07.31"]
[Round "3.7"]
[White "Firouzja, Alireza"]
[Black "Tari, Aryan"]
[Result "1-0"]
[WhiteTitle "GM"]
[BlackTitle "GM"]
[WhiteElo "2759"]
[BlackElo "2639"]
[WhiteFideId "12573981"]
[BlackFideId "1510045"]
[EventDate "2021.07.31"]

1. e4 e5 2. Nf3 Nc6 3. Bb5 a6 4. Ba4 Nf6 5. O-O Be7 6. Re1 b5 7. Bb3 O-O 8. a4
b4 9. d3 d6 10. a5 Be6 11. Bxe6 fxe6 12. Nbd2 d5 13. h3 Nd7 14. Nb3 Bd6 15. Bg5
Qe8 16. Bh4 Qh5 17. Bg3 Rf7 18. d4 exd4 19. Bxd6 cxd6 20. Nfxd4 Qxd1 21. Raxd1
Nxd4 22. Rxd4 Rc8 23. Re2 e5 24. Rxd5 Rc6 25. Red2 Rf6 26. Nc1 Nc5 27. f3 Kf7
28. b3 Ke7 29. Na2 Rc7 30. Nxb4 Rb7 31. Nc6+ Ke8 32. Rxd6 Nd7 33. Rxf6 gxf6 34.
b4 Rc7 35. Rd6 1-0

[Event "Chessable Masters Prelim"]
[Site "chess24.com INT"]
[Date "2021.07.31"]
[Round "4.1"]
[White "Mishra, Abhimanyu"]
[Black "Aronian, Levon"]
[Result "0-1"]
[WhiteTitle "IM"]
[BlackTitle "GM"]
[WhiteElo "2504"]
[BlackElo "2782"]
[WhiteFideId "30920019"]
[BlackFideId "13300474"]
[EventDate "2021.07.31"]

1. d4 Nf6 2. c4 g6 3. Nc3 Bg7 4. e4 O-O 5. Nf3 d6 6. Be2 c5 7. d5 e5 8. h3 Nbd7
9. g4 Kh8 10. Be3 a6 11. a4 b6 12. Nd2 Ng8 13. h4 f5 14. exf5 gxf5 15. gxf5 Ndf6
16. Bd3 Nh6 17. Qc2 e4 18. Ndxe4 Nxf5 19. O-O-O Nxe4 20. Nxe4 b5 21. Rdg1 bxc4
22. Bxc4 Nxe3 23. fxe3 Be5 24. Ng5 Bf5 25. e4 Bd7 26. Ne6 Bxe6 27. dxe6 Rb8 28.
b3 Rf3 29. Rf1 Rc3 30. Qxc3 Bxc3 31. Rf7 Qg8 32. Rhf1 Qg2 33. R7f2 Qxe4 34. Re2
Bb2+ 35. Rxb2 Qe3+ 36. Kd1 d5 37. Re2 Qd4+ 38. Ke1 Qxh4+ 39. Kd1 Qd4+ 40. Rd2
Qg4+ 41. Re2 dxc4 42. e7 Kg7 43. Rf2 Qd7+ 44. Ke1 Re8 45. Rg2+ Kh8 46. bxc4 Rxe7
47. Rxe7 Qxe7+ 48. Re2 Qd7 49. a5 Qd8 50. Re4 Qxa5+ 51. Ke2 Qd8 52. Re5 a5 53.
Rxc5 Qe7+ 0-1